Prayer / (Record no. 7098)
[ view plain ]
| 000 -LEADER | |
|---|---|
| fixed length control field | 00733nam a22002537a 4500 |
| 003 - CONTROL NUMBER IDENTIFIER | |
| control field | GBCCL |
| 005 - DATE AND TIME OF LATEST TRANSACTION | |
| control field | 20241126110619.0 |
| 008 - FIXED-LENGTH DATA ELEMENTS--GENERAL INFORMATION | |
| fixed length control field | 180709b ||||| |||| 00| 0 eng d |
| 020 ## - INTERNATIONAL STANDARD BOOK NUMBER | |
| International Standard Book Number | 0830724087 |
| 020 ## - INTERNATIONAL STANDARD BOOK NUMBER | |
| International Standard Book Number | 9780830724086 |
| 040 ## - CATALOGING SOURCE | |
| Transcribing agency | gbc |
| 082 ## - DEWEY DECIMAL CLASSIFICATION NUMBER | |
| Classification number | 268.432 |
| Item number | PUL |
| 100 ## - MAIN ENTRY--PERSONAL NAME | |
| Personal name | Pearson, Darrell |
| 9 (RLIN) | 12564 |
| 245 ## - TITLE STATEMENT | |
| Title | Prayer / |
| Statement of responsibility, etc. | Darrell Pearson |
| 260 ## - PUBLICATION, DISTRIBUTION, ETC. | |
| Place of publication, distribution, etc. | Ventura: |
| Name of publisher, distributor, etc. | Gospel Light, |
| Date of publication, distribution, etc. | 1999 |
| 300 ## - PHYSICAL DESCRIPTION | |
| Extent | 95 p.; |
| Other physical details | ill., |
| Dimensions | 28 cm. |
| 440 ## - SERIES STATEMENT/ADDED ENTRY--TITLE | |
| Title | Pulse |
| Volume/sequential designation | 2 |
| 9 (RLIN) | 11293 |
| 490 ## - SERIES STATEMENT | |
| Series statement | God's word for a jr. high world |
| 490 ## - SERIES STATEMENT | |
| Series statement | Discipleship track |
| 650 ## - SUBJECT ADDED ENTRY--TOPICAL TERM | |
| Topical term or geographic name entry element | Prayer |
| Form subdivision | Christianity |
| General subdivision | Study and teaching. |
| 9 (RLIN) | 12565 |
| 650 ## - SUBJECT ADDED ENTRY--TOPICAL TERM | |
| Topical term or geographic name entry element | Prayer |
| General subdivision | Biblical teaching. |
| 9 (RLIN) | 8921 |
| 650 ## - SUBJECT ADDED ENTRY--TOPICAL TERM | |
| Topical term or geographic name entry element | Christian education |
| General subdivision | Curricula. |
| 9 (RLIN) | 5974 |
| 942 ## - ADDED ENTRY ELEMENTS (KOHA) | |
| Source of classification or shelving scheme | Dewey Decimal Classification |
| Koha item type | Books |
| Withdrawn status | Lost status | Source of classification or shelving scheme | Damaged status | Not for loan | Home library | Current Library | Shelving location | Date acquired | Total checkouts | Full call number | Barcode | Date last seen | Copy number | Price effective from | Koha item type |
|---|---|---|---|---|---|---|---|---|---|---|---|---|---|---|---|
| Dewey Decimal Classification | GRACE BIBLE COLLEGE | GRACE BIBLE COLLEGE | Ministry & Mission | 2018-07-09 | 268.432 PUL | 010429 | 2025-05-01 | v.2 c.1 | 2018-07-09 | Books | |||||
| Dewey Decimal Classification | GRACE BIBLE COLLEGE | GRACE BIBLE COLLEGE | Ministry & Mission | 2018-07-09 | 268.432 PUL | 010432 | 2025-05-01 | v.2 c.2 | 2018-07-09 | Books | |||||
| Dewey Decimal Classification | GRACE BIBLE COLLEGE | GRACE BIBLE COLLEGE | Ministry & Mission | 2018-07-09 | 268.432 PUL | 010433 | 2025-05-01 | v.2 c.3 | 2018-07-09 | Books | |||||
| Dewey Decimal Classification | GRACE BIBLE COLLEGE | GRACE BIBLE COLLEGE | Ministry & Mission | 2018-07-09 | 268.432 PUL | 010441 | 2025-05-01 | v.2 c.4 | 2018-07-09 | Books | |||||
| Dewey Decimal Classification | GRACE BIBLE COLLEGE | GRACE BIBLE COLLEGE | Ministry & Mission | 2018-07-09 | 268.432 PUL | 010442 | 2025-05-01 | v.2 c.5 | 2018-07-09 | Books | |||||
| Dewey Decimal Classification | GRACE BIBLE COLLEGE | GRACE BIBLE COLLEGE | Ministry & Mission | 2018-07-09 | 268.432 PUL | 010443 | 2025-05-01 | v.2 c.6 | 2018-07-09 | Books | |||||
| Dewey Decimal Classification | GRACE BIBLE COLLEGE | GRACE BIBLE COLLEGE | Ministry & Mission | 2018-07-16 | 268.432 PUL | 013390 | 2025-05-01 | v.2 c.7 | 2018-07-16 | Books | |||||
| Dewey Decimal Classification | GRACE BIBLE COLLEGE | GRACE BIBLE COLLEGE | Ministry & Mission | 2018-07-16 | 268.432 PUL | 013391 | 2025-05-01 | v.2 c.8 | 2018-07-16 | Books | |||||
| Dewey Decimal Classification | GRACE BIBLE COLLEGE | GRACE BIBLE COLLEGE | Ministry & Mission | 2018-07-16 | 268.432 PUL | 013392 | 2025-05-01 | v.2 c.8 | 2018-07-16 | Books |